| Tag |
First Indicator |
Second Indicator |
Subfields |
| LEADER |
00000cam a2200000 a 4500 |
| 001 |
in00000032371 |
| 005 |
20151007060510.0 |
| 008 |
870410s1988 nyua b 00100 eng |
| 010 |
|
|
|a 87011142
|
| 020 |
|
|
|a 081473443X :
|c $45.00
|
| 035 |
|
|
|a (OCoLC)15590236
|
| 035 |
|
|
|9 AAC0993AM
|
| 040 |
|
|
|a DLC
|c DLC
|d TXA
|d UtOrBLW
|
| 049 |
|
|
|a TXAM
|c [A11508741]
|
| 050 |
0 |
0 |
|a BD541
|b .C63 1988
|
| 082 |
0 |
|
|a 122
|2 19
|
| 245 |
0 |
0 |
|a Contemporary science and natural explanation :
|b commonsense conceptions of causality /
|c Denis J. Hilton, editor.
|
| 264 |
|
1 |
|a New York :
|b New York University Press,
|c 1988.
|
| 300 |
|
|
|a xii, 244 pages :
|b illustrations ;
|c 23 cm.
|
| 336 |
|
|
|a text
|b txt
|2 rdacontent
|
| 337 |
|
|
|a unmediated
|b n
|2 rdamedia
|
| 338 |
|
|
|a volume
|b nc
|2 rdacarrier
|
| 504 |
|
|
|a Includes bibliographies and index.
|
| 505 |
0 |
|
|a Introduction, images of science and commonsense explanation / Denis J. Hilton -- The problem of causal selection / Germund Hesslow -- Logic and causal attribution / Denis J. Hilton -- Conversational and linguistic processes in causal attribution / William Turnbull and Ben Slugoski -- The role of selective attribution in causality judgment / David R. Shanks and Anthony Dickinson -- Modes of explanation / Rom Harré -- Seeing the connections in lay causal comprehension / Charles Abraham -- Knowledge structures and causal explanation / Robert P. Abelson and Mansur Lalljee -- Relationships between similarity-based and explanation-based categorisation / William D. Wattenmaker, Glenn V. Nakamura, and Douglas L. Medin.
|
| 650 |
|
0 |
|a Causation.
|
| 650 |
|
0 |
|a Explanation.
|
| 700 |
1 |
|
|a Hilton, Denis J.
|
| 999 |
|
|
|a MARS
|
| 999 |
f |
f |
|s 74874fec-21eb-301e-85c8-5fda3b68ad1e
|i 545602dd-6ae6-3da9-835c-7499a418be05
|t 0
|
| 952 |
f |
f |
|p ric
|a Texas A&M University
|b Rellis Campus
|c Joint Library Facility
|d Remote Storage
|t 0
|e BD541 .C63 1988
|h Library of Congress classification
|i unmediated -- volume
|m A14811508741
|
| 998 |
f |
f |
|a BD541 .C63 1988
|t 0
|l Remote Storage
|